LEADER 00883nam0 22002771i 450 001 RML0291180 005 20231121125736.0 010 $a2070421597 100 $a20121121d2001 ||||0itac50 ba 101 | $afre 102 $afr 181 1$6z01$ai $bxxxe 182 1$6z01$an 200 1 $aSe perdre$fAnnie Ernaux 210 $aParis $cGallimard $dİ2001 215 $a376 p.$d18 cm 676 $a843.914$9$v21 700 1$aErnaux$b, Annie$3RMLV188224$0442747 801 3$aIT$bIT-01$c20121121 850 $aIT-FR0017 899 $aBiblioteca umanistica Giorgio Aprea$bFR0017 912 $aRML0291180 950 0$aBiblioteca umanistica Giorgio Aprea$d 52CIS Folio 3712$e 52VM 0000606585 VM barcode:00047466. - Inventario:4460 LLCSVM$fA $h20060407$i20121204 977 $a 52 996 $aSe perdre$93628121 997 $aUNICAS